| 000 | 00520nam a2200205Ia 4500 | ||
|---|---|---|---|
| 005 | 20260629163253.0 | ||
| 008 | 260629s9999||||xx |||||||||||||| ||und|| | ||
| 020 |
_a9780415349086 _qpbk |
||
| 082 |
_a912.0148 _bHER |
||
| 100 | _aHerod, Andrew | ||
| 245 | 0 | _aScale | |
| 260 |
_aNew York _bRoutledge _c2011 |
||
| 300 | _axvii, 294p. ; 22cm. | ||
| 653 | _aCities and towns | ||
| 653 | _aGeographical perception | ||
| 653 | _aInterior decoration | ||
| 653 | _aMap scales | ||
| 653 | _aUrban geography | ||
| 942 | _cBK | ||
| 999 |
_c57272 _d57272 |
||